000 01454cab a2200397 4500
001 ABS52000
008 090401t1994 xxu||||| |||| 00| 0 eng d
035 _a(Sirsi) u54287
041 _aeng
100 _aWilkinson, H. W.
245 4 _aThe death of disclaimers?
260 _c1994
350 _a0
490 _aNew Law Journal
_v144(6677) 23 December 1994, 1773-1774(2)
520 _aIllustrates the courts` disapproval of exclusion clauses by a recent case under Law of Property Act 1925 s49(2) "St Marylebone Property Co Ltd v Payne" (1994), in which auction particulars, notably the photograph, were found to be misleading and the exclusion clauses unfair.
650 _aAUCTION PARTICULARS
650 _aCOLLINS V HOWELL-JONES
650 _aCREMDEAN PROPERTIES LTD V NASH
650 _aDISCLAIMERS
650 _aEXCLUSION CLAUSES
650 _aMISDESCRIPTION
650 _aMISREPRESENTATION ACT 1967
650 _aMISREPRESENTATION
650 _aOVERBROOKE ESTATES LTD V GLENCOMBE PROPERTIES LTD
650 _aPHOTOGRAPHS
650 _aSOUTH WESTERN PROPERTY GENERAL PROPERTY CO LTD V MARTON
650 _aST MARYLEBONE PROPERTY CO V PAYNE
650 _aUNFAIR CONTRACT TERMS ACT 1977
650 _aUNIVERSAL CORPORATION V FIVE WAYS PROPERTIES LTD
650 _aWALKER V BOYLE
690 _aAuctioneering
_96218
690 _aLAW
690 _aPROPERTY LAW AND PRACTICE
942 _n0
948 _c04/03/1997
999 _c33273
_d33273